000
00243nam a2200097Ia 4500
001
641164
005
20250826153501.0
008
250824s9999 xx 000 0 und d
245
0
_a
MUCİZELER DÜKKANINA DÖNÜŞ
_c
DEBBI MACOMBER
260
_b
MARTI
999
_c
641164
_d
641164